| 000 | 01136cam a2200325 a 4500 | ||
|---|---|---|---|
| 001 | 4474956 | ||
| 005 | 20100301233249.0 | ||
| 008 | 910221s1991 enkb b 011 0 eng | ||
| 010 | _a91012730 | ||
| 020 | _a0281044767 : | ||
| 035 | _a(OCoLC)83448785 | ||
| 035 | _a(OCoLC)ocm83448785 | ||
| 035 | _a(NNC)4474956 | ||
| 040 |
_aDLC _cDLC _dPPT _dNNUT |
||
| 050 | 0 | 0 |
_aBR162.2 _b.E37 1991 |
| 090 |
_aBR162.2 _b.E37 1991 |
||
| 245 | 0 | 0 |
_aEarly Christianity : _borigins and evolution to AD 600 : in honour of W.H.C. Frend / _cedited by Ian Hazlett. |
| 260 |
_aLondon : _bSPCK, _c1991. |
||
| 300 |
_axvi, 324, [11] p. : _bmap ; _c22 cm. |
||
| 500 | _aGlossary: p. 312-316. | ||
| 500 | _aIncludes indexes. | ||
| 504 | _aBibliography: p. 323-324. | ||
| 600 | 1 | 0 | _aFrend, W. H. C. |
| 650 | 0 |
_aChurch history _yPrimitive and early church, ca. 30-600. |
|
| 700 | 1 | _aFrend, W. H. C. | |
| 700 | 1 |
_aHazlett, Ian, _d1944- |
|
| 942 |
_2lcc _cBK |
||
| 999 |
_c10797 _d10797 |
||